| 000 | 00645nam a2200265Ia 4500 | ||
|---|---|---|---|
| 003 | AR-RoIUNI | ||
| 005 | 20181214140311.0 | ||
| 008 | 150616s9999 xx 000 0 und d | ||
| 020 | _a9879563115 | ||
| 040 | _cIUNIR | ||
| 040 |
_dOCLC _cIUNIR |
||
| 080 | _a378 BUR | ||
| 100 | 1 | _aBurin, David | |
| 245 | 1 |
_aHacia una Gestión Participativa y Eficaz _bMAnual para organizaciones sociales |
|
| 250 | _a3a. ed. | ||
| 260 | _aBuenos Aires | ||
| 260 | _bCiccus | ||
| 260 | _c1998 | ||
| 300 | _a272 p. | ||
| 300 | _c23 cm. | ||
| 650 | 1 | 0 |
_9489 _aEducación Superior |
| 700 | 1 | _aKarl, Istvan | |
| 700 | 1 | _aLevin, Luis | |
| 942 |
_cBK _2cdu |
||
| 999 |
_c458 _d458 |
||